000 00324nam a2200157Ia 4500
100 _aAntoniou/Andreas
250 _a2
942 _cBK
366 _f15
654 _adigital
245 _aDigital filters:Analysis
260 _bTata Mc Graw hill
_c1999
082 _a621.3815
_bANT
300 _a689
546 _aENGLISH
999 _c20758
_d20758